000 00728nam a22002297a 4500
005 20170124110012.0
010 _a661447
020 _c12.50
035 _a661447
037 _bCen Lib/Ret
040 _aDPL
_bEN
082 _a370.190954
_bSAL
100 _aSalamatullah
_917926
245 _aSociological dimensions of Indian education /
_cby Salamatullah [and] S. P. Ruhela
260 _aNew Delhi
_b Raaj Prakashan
_c1971
270 _a1, Bangalimal Market
_bNew Delhi
_e110001
300 _axiii,159p.
_c21cm(Hb)
650 _aEducational sociology -- India -- Congresses
_917927
650 _aEducational sociology
_917928
700 _a Ruhela, S. P.
_910284
942 _2ddc
_cEN
_h370.190954
_mSAL
999 _c126593
_d126593